Seidel's guide to physical examination.An interprofessional approach (Record no. 2614)

MARC details
000 -LEADER
fixed length control field 00442nam a22001577a 4500
008 - FIXED-LENGTH DATA ELEMENTS--GENERAL INFORMATION
fixed length control field 250324b |||||||| |||| 00| 0 eng d
020 ## - INTERNATIONAL STANDARD BOOK NUMBER
ISBN 9780323161833
100 ## - MAIN ENTRY--AUTHOR
Author Ball Jane W.
245 ## - TITLE STATEMENT
Title Seidel's guide to physical examination.An interprofessional approach
250 ## - EDITION STATEMENT
Edition statement 10th
260 ## - PUBLICATION, DISTRIBUTION, ETC. (IMPRINT)
Place of publication Missouri
Name of publisher Elsevier
Date of publication 2023
300 ## - COLLATION
Pagination xvi,693p
650 ## - TRACINGS
Main Subject Physical diagnosis
Subdivision (1st) Medical history taking
942 ## - ADDED ENTRY ELEMENTS (KOHA)
Item type Books
050 ## - LIBRARY OF CONGRESS CALL NUMBER
Classification number RC76
Item number .B35
Holdings
Source of classification or shelving scheme Not for loan Permanent location Current location Date acquired Accession No. Full call number Barcode. Koha item type
Library of Congress Classification   Medical Library Medical Library 03/24/2025 2024/63847 RC76.B35 2025-0902 Books